|
|
|
|
| LEADER |
02633nam a22004214a 4500 |
| 001 |
30716 |
| 003 |
BD-DhAAL |
| 005 |
20220113112027.0 |
| 008 |
151214s2010 ne a b 001 0 eng |
| 999 |
|
|
|c 35844
|d 35844
|
| 010 |
|
|
|a 2009009659
|
| 020 |
|
|
|a 9780123749994 (pbk. : alk. paper)
|
| 020 |
|
|
|a 0123749999 (pbk. : alk. paper)
|
| 035 |
|
|
|a (OCoLC)ocn314598163
|
| 040 |
|
|
|a DNLM/DLC
|c DLC
|d NLM
|d C#P
|d BWX
|d YDXCP
|d DLC
|d BD-DhAAL
|
| 042 |
|
|
|a pcc
|
| 050 |
0 |
0 |
|a RA1057.55
|b .B883 2010
|
| 082 |
0 |
0 |
|a 614.1
|2 22
|
| 100 |
1 |
|
|a Butler, John M.
|q (John Marshall),
|d 1969-
|9 15562
|
| 245 |
1 |
0 |
|a Fundamentals of forensic DNA typing /
|c John M. Butler.
|
| 260 |
|
|
|a Amsterdam ;
|a Boston :
|b Academic Press/Elsevier,
|c c2010.
|
| 300 |
|
|
|a xviii, 500 p. :
|b ill. ;
|c 24 cm.
|
| 500 |
|
|
|a Based on author's Forensic DNA typing : biology & technology behind STR markers. c2001.
|
| 504 |
|
|
|a Includes bibliographical references and index.
|
| 505 |
0 |
|
|a Overview and history of DNA typing -- Basics of DNA biology and genetics -- Historical methods -- Sample collection, storage, and characterization -- DNA extraction -- DNA quantitation -- DNA amplification (the polymerase chain reaction) -- Short tandem repeat markers -- Fundamentals of DNA separation and detection -- STR genotyping and data interpretation -- Statistical interpretation : evaluating the strength of forensic DNA evidence -- DNA databases -- Quality assurance -- Forensic challenges : degraded DNA, mixtures, and LCN -- Additional loci and nonhuman DNA testing -- Lineage markers : Y chromosome and mtDNA testing -- Applications of DNA typing -- Future trends.
|
| 526 |
|
|
|a MNS
|
| 541 |
|
|
|e 30716
|
| 650 |
|
0 |
|a DNA fingerprinting.
|9 15563
|
| 650 |
|
0 |
|a Forensic genetics.
|9 15564
|
| 650 |
1 |
2 |
|a DNA Fingerprinting
|x methods.
|9 15565
|
| 650 |
2 |
2 |
|a DNA
|x physiology.
|9 15566
|
| 650 |
2 |
2 |
|a Forensic Medicine
|x methods.
|9 15567
|
| 650 |
2 |
2 |
|a Pharmacy.
|9 44969
|
| 700 |
1 |
|
|a Butler, John M.
|q (John Marshall),
|d 1969-
|t Forensic DNA typing.
|9 15568
|
| 942 |
|
|
|2 ddc
|c BK
|
| 952 |
|
|
|0 0
|1 0
|2 ddc
|4 0
|6 614_100000000000000_BUT
|7 0
|9 57245
|a BRACUL
|b BRACUL
|c GEN
|d 2015-12-14
|e Trim Education
|g 3538.00
|l 12
|m 132
|o 614.1 BUT
|p 3010030716
|q 2026-05-19
|r 2026-02-25
|s 2026-02-25
|t 1
|w 2015-12-14
|y BK
|
| 952 |
|
|
|0 0
|1 0
|2 ddc
|4 0
|6 614_100000000000000_BUT
|7 0
|9 57246
|a BRACUL
|b BRACUL
|c GEN
|d 2015-12-14
|e Trim Education
|g 3538.00
|l 17
|m 100
|o 614.1 BUT
|p 3010030717
|r 2026-03-04
|s 2025-11-05
|t 2
|w 2015-12-14
|y BK
|
| 952 |
|
|
|0 0
|1 0
|2 ddc
|4 0
|6 614_100000000000000_BUT
|7 0
|9 57247
|a BRACUL
|b BRACUL
|c GEN
|d 2015-12-14
|e Trim Education
|g 3538.00
|l 10
|m 94
|o 614.1 BUT
|p 3010030718
|q 2026-06-02
|r 2025-10-20
|s 2025-10-20
|t 3
|w 2015-12-14
|y BK
|